[Event "Gelsenkirchen Koenigsspringer op"]
[Site "Gelsenkirchen"]
[Date "2019.12.30"]
[Round "7"]
[White "Pazdzior, Johann"]
[Black "Vishanji, Denis"]
[Result "1-0"]
[WhiteElo "1848"]
[BlackElo "1365"]
[PlyCount "120"]
[EventDate "2019.12.27"]
[EventType "swiss"]
[EventRounds "7"]
[EventCountry "GER"]
[SourceTitle "CBM 194 Extra"]
[Source "ChessBase"]
[SourceDate "2020.03.31"]
[SourceVersion "1"]
[SourceVersionDate "2020.03.31"]
[SourceQuality "1"]

1. d4 d5 2. Nf3 Nf6 3. g3 e6 4. Bg2 Be7 5. 0-0 0-0 6. c4 c5 7. cxd5 exd5 8. Nc3 c4 9. Ne5 Bf5 10. b3 Bb4 11. Bd2 Qa5 12. Rc1 Nc6 13. Nxc6 bxc6 14. bxc4 Bxc3 15. Bxc3 Qxa2 16. cxd5 cxd5 17. Bb4 Rfe8 18. e3 Rec8 19. Ra1 Qc2 20. Qxc2 Rxc2 21. Bc5 a5 22. Rfc1 a4 23. f3 Nd7 24. e4 Rxc1+ 25. Rxc1 Be6 26. Ba3 Nb6 27. Bf1 dxe4 28. fxe4 Bb3 29. Kf2 Rc8 30. Rxc8+ Nxc8 31. Bc5 f6 32. Ba6 Nb6 33. Bxb6 a3 34. d5 a2 35. Bd4 Kf7 36. Ke3 Ke7 37. Ba1 Kd6 38. Kd4 Bc2 39. Bc4 Bb1 40. g4 h6 41. h4 g6 42. g5 fxg5 43. e5+ Kd7 44. hxg5 hxg5 45. Be2 Bf5 46. Kc3 Be4 47. Bc4 g4 48. Kd4 Bb1 49. Ke3 g5 50. Kf2 Ke7 51. Kg3 Bf5 52. Bxa2 Kd7 53. Bd4 Ke7 54. Bc4 Kd7 55. Be2 Kc7 56. Bxg4 Be4 57. Be6 Kd8 58. Kg4 Ke8 59. Kxg5 Ke7 60. Bc5+ Ke8 1-0

[Event "Moehnesee Cup-A 37th"]
[Site "Moehnesee"]
[Date "2011.09.04"]
[Round "6"]
[White "Hanewinkel, Winfried"]
[Black "Pazdzior, Johann"]
[Result "1/2-1/2"]
[WhiteElo "1975"]
[BlackElo "1804"]
[PlyCount "50"]
[EventDate "2011.09.01"]
[EventType "swiss"]
[EventRounds "7"]
[EventCountry "GER"]
[SourceTitle "EXT 2013"]
[Source "ChessBase"]
[SourceDate "2012.11.22"]
[SourceVersion "1"]
[SourceVersionDate "2012.11.22"]
[SourceQuality "1"]

1. d4 c6 2. c4 d5 3. Nf3 Nf6 4. e3 e6 5. b3 Nbd7 6. Be2 Bb4+ 7. Nbd2 Ne4 8. Qc2 f5 9. a3 Bd6 10. b4 Ndf6 11. Ne5 Nxd2 12. Bxd2 Ne4 13. 0-0 0-0 14. f4 Bd7 15. a4 Qe7 16. Rab1 a6 17. c5 Bxe5 18. fxe5 Be8 19. Rb3 Bg6 20. Qb2 Ra7 21. Ra1 Qh4 22. Be1 Qg5 23. Rba3 f4 24. exf4 Rxf4 25. Rf3 Rxf3 1/2-1/2

[Event "Moehnesee Cup-A 37th"]
[Site "Moehnesee"]
[Date "2011.09.03"]
[Round "4"]
[White "Lueck, Kai"]
[Black "Pazdzior, Johann"]
[Result "1-0"]
[WhiteElo "2162"]
[BlackElo "1804"]
[PlyCount "73"]
[EventDate "2011.09.01"]
[EventType "swiss"]
[EventRounds "7"]
[EventCountry "GER"]
[SourceTitle "EXT 2013"]
[Source "ChessBase"]
[SourceDate "2012.11.22"]
[SourceVersion "1"]
[SourceVersionDate "2012.11.22"]
[SourceQuality "1"]

1. d4 c6 2. c4 d5 3. Nc3 Nf6 4. Nf3 Bf5 5. Qb3 Qc7 6. cxd5 cxd5 7. Nxd5 Nxd5 8. Qxd5 e6 9. Qb5+ Nc6 10. Bd2 a6 11. Qb3 a5 12. a4 Nb4 13. Rc1 Bc2 14. Qc3 Rc8 15. Qxc7 Rxc7 16. e3 Bd6 17. Bb5+ Ke7 18. Bc3 Bd3 19. Kd2 Bxb5 20. axb5 b6 21. Bxb4 Bxb4+ 22. Kd3 Rhc8 23. Rxc7+ Rxc7 24. Ne5 Bd6 25. Nc4 Rb7 26. Rc1 Bb4 27. f3 Rc7 28. Rc2 Rb7 29. g4 g5 30. h3 Be1 31. Na3 Bg3 32. Rc6 Bc7 33. e4 Bd8 34. Nc4 Bc7 35. d5 exd5 36. exd5 f6 37. d6+ 1-0

[Event "Goch op 19th"]
[Site "Goch"]
[Date "2008.10.10"]
[Round "2"]
[White "Pazdzior, Johann"]
[Black "Van der Valk, Reiner"]
[Result "1-0"]
[WhiteElo "1856"]
[BlackElo "1279"]
[PlyCount "59"]
[EventDate "2008.10.09"]
[EventType "swiss"]
[EventRounds "7"]
[EventCountry "GER"]
[SourceTitle "EXT 2011"]
[Source "ChessBase"]
[SourceDate "2010.11.26"]
[SourceVersion "1"]
[SourceVersionDate "2010.11.26"]
[SourceQuality "1"]

1. d4 f5 2. e4 fxe4 3. Nc3 Nf6 4. Bg5 d5 5. Bxf6 exf6 6. Qh5+ g6 7. Qxd5 Qe7 8. Qxe4 Qxe4+ 9. Nxe4 Bg7 10. Bc4 f5 11. Ng5 Bxd4 12. 0-0-0 Bxf2 13. N1h3 Be3+ 14. Kb1 Kf8 15. Nf7 Rg8 16. Rhe1 f4 17. Nhg5 Kg7 18. Nd8 Re8 19. Nde6+ Bxe6 20. Nxe6+ Rxe6 21. Bxe6 Kf6 22. Bc8 a5 23. Bxb7 Ra7 24. Bf3 Ke7 25. h4 Kf6 26. g3 Na6 27. g4 Bf2 28. g5+ Kf7 29. Rd7+ Kf8 30. Rd8+ 1-0

[Event "Unna op"]
[Site "Unna"]
[Date "2003.12.29"]
[Round "5"]
[White "Kolkin, Michail"]
[Black "Pazdzior, Johann"]
[Result "1-0"]
[WhiteElo "2056"]
[BlackElo "1766"]
[PlyCount "43"]
[EventDate "2003.12.27"]
[EventType "swiss"]
[EventRounds "7"]
[EventCountry "GER"]
[SourceTitle "CBM 097 Extra"]
[Source "ChessBase"]
[SourceDate "2004.01.13"]
[SourceVersion "1"]
[SourceVersionDate "2004.01.13"]
[SourceQuality "1"]

1. e4 d6 2. d4 Nf6 3. Nc3 g6 4. Bg5 Bg7 5. e5 Nfd7 6. exd6 cxd6 7. Qd2 h6 8. Be3 Nf6 9. Nf3 Ng4 10. Bf4 Nc6 11. h3 Nf6 12. Be2 a6 13. 0-0 g5 14. Bg3 Bf5 15. d5 Nb8 16. Bd3 Bxd3 17. Qxd3 Nbd7 18. Nd4 Nc5 19. Qe3 0-0 20. Nf5 Re8 21. h4 e6 22. Nxd6 1-0